000 00868nam0a2200289 4500
001 RU\NLR\bibl\1805097
005 20250616151611.0
010 _a978-5-91258-189-2
_91000
021 _aRU
_b2011-58755
_94151
035 _a(NLR Aleph) 001795743
090 _a1780821
_c1780821
100 _a20110905d2011 |||y0rusy50 ca
101 0 _arus
102 _aRU
105 _ay |||||||||
200 1 _aСвятое благовествование
210 _aСанкт-Петербург
_cКОСТА
_d2011
215 _a47, [1] с.
_d15
605 _aБиблия
_iНовый Завет
_iЕвангелие от Марка
_92079126
_3RU\NLR\auth\661254999
686 _aЭ37-220.911.32
801 0 _aRU
_bNLR
_c20110905
_gRCR
801 1 _aRU
_bNLR
_c20110905
942 _cBOOK
980 _aNB
980 _aNBR